000 00364 a2200169 4500
001 189333
020 _a978-85-390-0059-3
040 _cMagnum
100 _aSilva, Ana Beatriz
240 1 0 _aBullying
_lpor
245 1 0 _aBullying
300 _a188
362 0 _a2010
440 1 _aObjetiva
697 _aEDUCAÇÃO EM GERAL E DISCIPLINAS AFINS
942 _cBK
999 _c189333
_d189333